00376nam a2200145Ia 4500003000400000008004100004040001600045082001500061100001900076245005500095260003000150300001100180650002200191650001700213GCL140319s9999 xx 000 0 eng d aGCL / cGCL04a006.6bP C1 aPADWICK,GORDON10aCOREL DRAW 4 INSTANT REFERENCE / cPADWICK,GORDON a[S.N] : bSYBEX ، c1993 a471 PP04aCOMPUTER SOFTWARE04aCORELDRAW 3